Score 0/25 Timer 05:00
3 Plays Today
Scene TV Show % Correct
The Golden Girls
85.7%
Seinfeld
82.8%
The Addams Family
82.5%
Breaking Bad
82.5%
Everybody Loves Raymond
80%
Home Improvement
79.3%
American Dad!
75.6%
The Beverly Hillbillies
72.7%
The Nanny
66.4%
Veep
65.8%
3rd Rock from the Sun
60.1%
Boy Meets World
59.7%
The Office
59.7%
Scene TV Show % Correct
Married... with Children
58.8%
Laverne & Shirley
55.9%
Bonanza
54.5%
House of Cards
52.7%
Monty Python's Flying Circus
46.7%
Flight of the Conchords
32.6%
Quantum Leap
31.1%
Dallas
27.4%
Silicon Valley
21.9%
Mystery Science Theater 3000
19.4%
Westworld
17.5%
Star Trek: Voyager
13.3%
Remove Ads.
Support Sporcle.
Get the best of Sporcle when you Go Orange. This ad-free experience offers more features, more stats, and more fun while also helping to support Sporcle. Thank you for becoming a member.

You're not logged in!

Compare scores with friends on all Sporcle quizzes.
OR
Log In

Show Comments

Extras

Top Quizzes Today


Score Distribution

Your Account Isn't Verified!

In order to create a playlist on Sporcle, you need to verify the email address you used during registration. Go to your Sporcle Settings to finish the process.

Report this User

Report this user for behavior that violates our Community Guidelines.

Details: